| 000 | 00860nam a22002777a 4500 | ||
|---|---|---|---|
| 001 | 200460906 | ||
| 003 | TR-AnTOB | ||
| 005 | 20240610112723.0 | ||
| 008 | 240610b tu ||||| |||| 00| 0 tur d | ||
| 020 | _a9789754994261 | ||
| 040 |
_aTR-AnTOB _beng _erda _cTR-AnTOB |
||
| 041 | _atur | ||
| 092 |
_a372.19076 _bYIL 2017 |
||
| 100 | _qYıldız, Veysel. | ||
| 245 |
_aBil bul çöz İlköğretim 3 : _bbulmacalarla tüm dersler/ _cVeysel Yıldız ; Nihat Demir ; ed. Celal Musaoğlu ; resl. Ayşe İnan Alican. |
||
| 250 | _a12. bs. | ||
| 260 |
_aAnkara : _bKök Yayıncılık ; _c2017. |
||
| 300 |
_a96 Pages. ; _bill. ; _c21 cm. |
||
| 336 |
_atext _btxt _2rdacontent |
||
| 337 |
_aunmediated _bn _2rdamedia |
||
| 338 |
_avolume _bnc _2rdacarrier |
||
| 653 | _aBulmaca | ||
| 942 |
_2ddc _cBK |
||
| 999 |
_c200460906 _d79118 |
||